<?xml version="1.0" encoding="UTF-8"?><record xmlns="http://www.loc.gov/MARC21/slim" xmlns:zs="http://docs.oasis-open.org/ns/search-ws/sruResponse">
  <leader>02732cam a22004577a 4500</leader>
  <controlfield tag="001">14198435</controlfield>
  <controlfield tag="005">20250606222806.8</controlfield>
  <controlfield tag="007">cr |||||||||||</controlfield>
  <controlfield tag="008">051213s2005    mau     sb    000 0 eng  </controlfield>
  <datafield ind1=" " ind2=" " tag="035">
    <subfield code="a">14198435</subfield>
  </datafield>
  <datafield ind1=" " ind2=" " tag="906">
    <subfield code="a">7</subfield>
    <subfield code="b">cbc</subfield>
    <subfield code="c">orignew</subfield>
    <subfield code="d">4</subfield>
    <subfield code="e">ncip</subfield>
    <subfield code="f">20</subfield>
    <subfield code="g">y-gencompf</subfield>
  </datafield>
  <datafield ind1="0" ind2=" " tag="925">
    <subfield code="a">undetermined</subfield>
    <subfield code="x">NBER</subfield>
  </datafield>
  <datafield ind1=" " ind2=" " tag="955">
    <subfield code="a">se20 2005-12-13 webcat</subfield>
    <subfield code="i">se20 2005-12-13</subfield>
    <subfield code="e">se20 2005-12-13</subfield>
  </datafield>
  <datafield ind1=" " ind2=" " tag="955">
    <subfield code="a">LCAP batch update 2025-06-01-04:00: LCAPM-989</subfield>
  </datafield>
  <datafield ind1=" " ind2=" " tag="010">
    <subfield code="a">  2005620592</subfield>
  </datafield>
  <datafield ind1=" " ind2=" " tag="040">
    <subfield code="a">DLC</subfield>
    <subfield code="c">DLC</subfield>
  </datafield>
  <datafield ind1="0" ind2="0" tag="050">
    <subfield code="a">HB1</subfield>
  </datafield>
  <datafield ind1="1" ind2=" " tag="100">
    <subfield code="a">Blonigen, Bruce A.</subfield>
    <subfield code="q">(Bruce Aloysius)</subfield>
  </datafield>
  <datafield ind1="1" ind2="0" tag="245">
    <subfield code="a">Foreign subsidization and the excess capacity hypothesis</subfield>
    <subfield code="h">[electronic resource] /</subfield>
    <subfield code="c">Bruce A. Blonigen, Wesley W. Wilson.</subfield>
  </datafield>
  <datafield ind1=" " ind2=" " tag="260">
    <subfield code="a">Cambridge, MA :</subfield>
    <subfield code="b">National Bureau of Economic Research,</subfield>
    <subfield code="c">c2005.</subfield>
  </datafield>
  <datafield ind1=" " ind2=" " tag="336">
    <subfield code="a">text</subfield>
    <subfield code="b">txt</subfield>
    <subfield code="2">rdacontent</subfield>
  </datafield>
  <datafield ind1=" " ind2=" " tag="337">
    <subfield code="a">computer</subfield>
    <subfield code="b">c</subfield>
    <subfield code="2">rdamedia</subfield>
  </datafield>
  <datafield ind1=" " ind2=" " tag="338">
    <subfield code="a">computer disc</subfield>
    <subfield code="b">cd</subfield>
    <subfield code="2">rdacarrier</subfield>
  </datafield>
  <datafield ind1="1" ind2=" " tag="490">
    <subfield code="a">NBER working paper series ;</subfield>
    <subfield code="v">working paper 11798</subfield>
  </datafield>
  <datafield ind1=" " ind2=" " tag="500">
    <subfield code="a">Title from PDF file as viewed on 12/13/2005.</subfield>
  </datafield>
  <datafield ind1=" " ind2=" " tag="504">
    <subfield code="a">Includes bibliographical references.</subfield>
  </datafield>
  <datafield ind1=" " ind2=" " tag="506">
    <subfield code="f">Unrestricted online access</subfield>
  </datafield>
  <datafield ind1="3" ind2=" " tag="520">
    <subfield code="a">"The U.S.  steel industry contends foreign-subsidized excess capacity has led to its long-run demise, yet no one has formally examined this hypothesis.  In this paper, we incorporate foreign subsidization considerations into a model based on Staiger and Wolak's (1992) cyclical-dumping framework and demonstrate that foreign export supply responses to foreign demand shocks depend critically on whether foreign firms have subsidized excess capacity.  We then test the excess capacity hypothesis using detailed product and country data on steel exports to the U.S.  market from 1979 through 2002, and find strong statistical evidence that rejects the U.S.  steel industry's foreign excess capacity claims.  Our empirical methodology may be applicable to many other products, including agricultural markets that have been the subject of intense discussions within the WTO"--National Bureau of Economic Research web site.</subfield>
  </datafield>
  <datafield ind1=" " ind2=" " tag="530">
    <subfield code="a">Also available in print.</subfield>
  </datafield>
  <datafield ind1=" " ind2=" " tag="538">
    <subfield code="a">Mode of access: World Wide Web.</subfield>
  </datafield>
  <datafield ind1=" " ind2=" " tag="538">
    <subfield code="a">System requirements: Adobe Acrobat Reader.</subfield>
  </datafield>
  <datafield ind1=" " ind2="0" tag="650">
    <subfield code="a">Dumping (International trade)</subfield>
  </datafield>
  <datafield ind1=" " ind2="0" tag="650">
    <subfield code="a">Export subsidies.</subfield>
  </datafield>
  <datafield ind1=" " ind2="0" tag="650">
    <subfield code="a">Imports</subfield>
    <subfield code="z">United States.</subfield>
  </datafield>
  <datafield ind1=" " ind2="0" tag="650">
    <subfield code="a">Steel industry and trade</subfield>
    <subfield code="z">United States.</subfield>
  </datafield>
  <datafield ind1="1" ind2=" " tag="700">
    <subfield code="a">Wilson, Wesley W.</subfield>
  </datafield>
  <datafield ind1="2" ind2=" " tag="710">
    <subfield code="a">National Bureau of Economic Research.</subfield>
  </datafield>
  <datafield ind1=" " ind2="0" tag="830">
    <subfield code="a">Working paper series (National Bureau of Economic Research : Online) ;</subfield>
    <subfield code="v">working paper no. 11798.</subfield>
  </datafield>
  <datafield ind1="4" ind2="0" tag="856">
    <subfield code="d">gdcebookspublic</subfield>
    <subfield code="f">2005620592</subfield>
    <subfield code="u">https://hdl.loc.gov/loc.gdc/gdcebookspublic.2005620592</subfield>
  </datafield>
  <datafield ind1="4" ind2="0" tag="856">
    <subfield code="u">http://papers.nber.org/papers/W11798</subfield>
  </datafield>
  <datafield ind1=" " ind2=" " tag="985">
    <subfield code="a">gdc/scd</subfield>
  </datafield>
</record>
